Difficultès et finesses de langage (Record no. 35235)

MARC details
000 -LEADER
campo de control de longitud fija 00557nam a2200169 i 4500
001 - NÚMERO DE CONTROL
campo de control 35235
003 - IDENTIFICADOR DE NÚMERO DE CONTROL
campo de control ES-MaACL
005 - FECHA Y HORA DE LA ÚLTIMA TRANSACCIÓN
campo de control 20230906155100.0
007 - CAMPO FIJO DE DESCRIPCIÓN FÍSICA--INFORMACIÓN GENERAL
campo de control de longitud fija t|
008 - DATOS DE LONGITUD FIJA--INFORMACIÓN GENERAL
campo de control de longitud fija 030212s1945 be ||||1| fre d
100 1# - ENTRADA PRINCIPAL--NOMBRE DE PERSONA
Nombre de persona Bottequin, Armand.
9 (RLIN) 30798
245 10 - MENCIÓN DEL TÍTULO
Título Difficultès et finesses de langage
Resto del título : le bon usage du français d'aurjourd d'hui /
Mención de responsabilidad, etc. Armand Bottequin ; preface de M. Charles Bruneau.
260 ## - PUBLICACIÓN, DISTRIBUCIÓN, ETC.
Lugar de publicación, distribución, etc. Gante :
Nombre del editor, distribuidor, etc. Daphne,
Fecha de publicación, distribución, etc. 1945 (
Fabricante Erasmus)
300 ## - DESCRIPCIÓN FÍSICA
Extensión 198 p. ;
Dimensiones 20 cm.
700 1# - ENTRADA AGREGADA--NOMBRE PERSONAL
Nombre de persona Bruneau, Charles.
9 (RLIN) 32148
852 ## - LOCALIZACIÓN
Ubicación ES-MaACL
Número de control de estantería C-4531
Sublocalización o colección R.25001
Holdings
Estatus retirado Estado de pérdida Estado de daño No para préstamo Biblioteca de origen Biblioteca actual Ubicación en estantería Fecha de adquisición Fuente de adquisición Total de préstamos Signatura topográfica completa Código de barras Visto por última vez Precio de reemplazo Tipo de ítem Koha
        Biblioteca del Ateneo de Madrid Biblioteca del Ateneo de Madrid Sala Palomar 17/01/2008     C-4531 1036862 23/02/2023 23/02/2023 Libro impreso